00698nam a2200229 a 4500001001300000003000900013005001700022008004100039020002100080082001300101100002600114245005900140260004500199300000900244500003500253505001000288700002600298902000800324942000700332952011200339999001700451nice12345678IN_TiNIC20260116015035.0050524s2002 gena grp 000 0 eng  a3906706869 c000a291bMWA aMwakabana, Hance, A O aMultifaith Challenges Facing the Americas...And Beyond aGenevabLutheran World Federation c2002 a160p aincludes index and biblioraphy2 aIndex1 aMwakabana, Hance, A O bSRS cBK 001040708StackRoom-aHMIbHMId2005-05-24g0.00l0o291 MWAp11001304r2005-05-24v0.00w2005-05-24yBK c18058d18058